|
|
|
|
| LEADER |
01211nab a2200325 i 4500 |
| 001 |
publ17744 |
| 005 |
20191220124326.0 |
| 008 |
191220s2019 hu o 0|| zxx d |
| 022 |
|
|
|a 1661-6596
|
| 024 |
7 |
|
|a 10.3390/ijms20246269
|2 doi
|
| 024 |
7 |
|
|a 31012854
|2 mtmt
|
| 040 |
|
|
|a SZTE Publicatio Repozitórium
|b hun
|
| 041 |
|
|
|a zxx
|
| 100 |
1 |
|
|a Vágvölgyi Máté
|
| 245 |
1 |
0 |
|a Less Cytotoxic Protoflavones as Antiviral Agents
|h [elektronikus dokumentum] :
|b Protoapigenone 1′-O-isopropyl ether Shows Improved Selectivity Against the Epstein–Barr Virus Lytic Cycle /
|c Vágvölgyi Máté
|
| 260 |
|
|
|c 2019
|
| 300 |
|
|
|a Azonosító: 6269-Terjedelem: 13 p
|
| 490 |
0 |
|
|a INTERNATIONAL JOURNAL OF MOLECULAR SCIENCES
|v 20 No. 24
|
| 700 |
0 |
1 |
|a Girst Gábor
|e aut
|
| 700 |
0 |
1 |
|a Kúsz Norbert
|e aut
|
| 700 |
0 |
1 |
|a Ötvös Sándor B.
|e aut
|
| 700 |
0 |
1 |
|a Fülöp Ferenc
|e aut
|
| 700 |
0 |
1 |
|a Hohmann Judit
|e aut
|
| 700 |
0 |
1 |
|a Servais Jean-Yves
|e aut
|
| 700 |
0 |
2 |
|a Seguin-Devaux Carole
|e aut
|
| 700 |
0 |
2 |
|a Chang Fang-Rong
|e aut
|
| 700 |
0 |
2 |
|a Chen Michael S.
|e aut
|
| 700 |
0 |
2 |
|a Chang Li-Kwan
|e aut
|
| 700 |
0 |
2 |
|a Hunyadi Attila
|e aut
|
| 856 |
4 |
0 |
|u http://publicatio.bibl.u-szeged.hu/17744/1/ijms-20-06269.pdf
|z Dokumentum-elérés
|